Typing Challenge: Reflexes Quiz Stats

 Plays Quiz Updated Oct 29, 2018

Challenge
Share
Tweet
Score 0/50 Timer 01:30
0 Plays Today
% Correct
Alien
94.7%
Anchor
94.1%
Wallet
93.9%
Belt
93.7%
Grand
93.7%
Dust
92.9%
Hug
92.4%
Big
92.4%
Exit
92.1%
Plunge
91.7%
Clash
91.5%
Saint
86.7%
Zest
82.5%
Doodle
82.5%
Twist
80.3%
Vent
78.1%
Vortex
75.7%
Twig
75.6%
Plastic
74.7%
Skirt
73.8%
Cram
73.6%
Dire
73.3%
Lily
72.8%
Blade
70.1%
Plush
70%
% Correct
Stride
69.6%
Prayer
68.4%
Ooze
67.5%
Knight
65.9%
Lizard
63.3%
Toast
62.8%
Pin
60.9%
Fluff
59.8%
Swoon
58.3%
Zap
57.6%
Blush
57.4%
Imp
55%
Planet
54.2%
Dizzy
54.1%
Spoon
53.7%
Potent
51.4%
Vision
45.7%
Glacier
45.1%
Fun
44.8%
Desire
44.4%
Graze
36.8%
Sun
31.2%
Wink
29.5%
Gutter
28.4%
Illusion
9.7%

You're not logged in!

Compare scores with friends on all Sporcle quizzes.
OR
Log In

You Might Also Like...

Show Comments

Extras

Top Quizzes Today


Score Distribution

Your Account Isn't Verified!

In order to create a playlist on Sporcle, you need to verify the email address you used during registration. Go to your Sporcle Settings to finish the process.

Report this User

Report this user for behavior that violates our Community Guidelines.

Details: